000 00560cam a2200193 a 4500
001 4803906
005 20250214180749.0
008 880527s1989 nyua b 001 0 eng
020 _a0879014008
050 0 0 _aBF121
_b.M94 1989
082 0 0 _a150
_220
100 1 _aMyers, David G.
245 1 0 _aPsychology /
_cDavid G. Myers.
250 _a2nd ed.
260 _aNew York, N.Y. :
_bWorth Publishers,
_cc1989 (1988 printing)
300 _a1 v. (various pagings) :
_bill. (some col.) ;
_c29 cm.
650 0 _aPsychology
_vTextbooks.
942 _2lcc
_cBK
_e2nd Ed.
_n0
999 _c3879
_d3879